ROZPOZNAJ RAPERA PO TYTUŁACH PIOSENEK - Statystyki

Ogólne statystyki
  • Ten quiz został rozwiązany 237 razy
  • Średni wynik to 11 z 15
Statystyki odpowiedzi
TYTUŁ RAPER % Poprawnych
ILE LAT?,JEREMY SOCHAN Oki
98%
UA,Billy Kid ReTo
95%
Candy,Futurama 3 Quebonafide
94%
Impreza,Z TYŁU GŁOWY Sobel
94%
Sentymenty,Robie YEAH Malik Montana
92%
KIEROWNIK,Pogo Kizo
91%
I00,Trapczan Żabson
86%
Nemo,Hinata Szpaku
85%
Nostalgia,Trójkąt Taco Hemingway
82%
05:05,NFZ Bedoes 2115
68%
Kulig,Korpotwarze Kaz Bałagane
66%
Rio,Pistolet Sentino
64%
AK47,Plotki Young Multi
53%
dno,JEDEN WIELKI SYF Yung Adisz
30%
P.S.W.I.S,Hip-Hop Belmondawg
29%
Nie znaleziono quizów pasujących do podanych kryteriów
Rozkład punktacji
Procent ludzi z każdym wynikiem
Percentyl według liczby udzielonych odpowiedzi
Twoja historia wyników
Nie rozwiązałeś tego quizu